Structures of polyhedra determined by submodular functions on crossing families
Gespeichert in:
| 1. Verfasser: | |
|---|---|
| Format: | Buch |
| Sprache: | Englisch |
| Veröffentlicht: |
Bonn
Institut für Ökonometrie und Operations Research
1982
|
| Schriftenreihe: | Report
no. 82236 - OR |
| Tags: |
Keine Tags, Fügen Sie das erste Tag hinzu!
|
MARC
| LEADER | 00000nam a2200000 4500 | ||
|---|---|---|---|
| 001 | c129359 | ||
| 005 | 20181203150427.0 | ||
| 041 | 0 | |a eng | |
| 044 | |a DE | ||
| 245 | 1 | 0 | |a Structures of polyhedra determined by submodular functions on crossing families |c Satoru Fujishige |
| 264 | 1 | |a Bonn |b Institut für Ökonometrie und Operations Research |c 1982 | |
| 300 | |a 26 s. | ||
| 490 | 1 | |a Report |v no. 82236 - OR | |
| 830 | 0 | |a Report |v no. 82236 - OR | |
| 100 | 1 | |a Fujishige, Satoru | |